00477nam a2200157Ia 450000500170000000800410001708200130005810000140007124500130008526000440009830000130014250000440015594200060019995200990020599900150030420250313102045.0240331s9999 xx 000 0 und d bDANa894 aDaniel, K 0aThanneer aUppulipaalayambVidiyal Pathpagamc1993 a254 p ., aA novel About panchamar Society People cL 001040708LaWERCLbWERCLcSSCd2024-03-31l0o 894.811 DANp3201r2024-03-31w2024-03-31yL c3959d3959